BIBLIOTECA

SENCICO

Hidráulica de canales abiertos (Registro nro. 1191)

Detalles MARC
000 -LEADER
fixed length control field 00585nam a2200241Ia 4500
005 - DATE AND TIME OF LATEST TRANSACTION
control field 20251020182502.0
008 - FIXED-LENGTH DATA ELEMENTS--GENERAL INFORMATION
fixed length control field 200515s9999 xx 000 0 und d
020 ## - INTERNATIONAL STANDARD BOOK NUMBER
International Standard Book Number 958-600-228-4
082 ## - DEWEY DECIMAL CLASSIFICATION NUMBER
Classification number 625.7+62.2/Ch80
100 ## - MAIN ENTRY--PERSONAL NAME
Personal name Te Chow, Ven
245 #0 - TITLE STATEMENT
Title Hidráulica de canales abiertos
260 ## - PUBLICATION, DISTRIBUTION, ETC.
Place of publication, distribution, etc. Santafé de Bogotá, D.C.
260 ## - PUBLICATION, DISTRIBUTION, ETC.
Name of publisher, distributor, etc. McGraw-Hill
260 ## - PUBLICATION, DISTRIBUTION, ETC.
Date of publication, distribution, etc. 1994
300 ## - PHYSICAL DESCRIPTION
Extent 667 p.
300 ## - PHYSICAL DESCRIPTION
Other physical details il., tbl., graf., fot.
490 ## - SERIES STATEMENT
Series statement Clásicos McGRAW-HILL
500 ## - GENERAL NOTE
General note 1 ejemplar
650 ## - SUBJECT ADDED ENTRY--TOPICAL TERM
Topical term or geographic name entry element CANALES
650 ## - SUBJECT ADDED ENTRY--TOPICAL TERM
Topical term or geographic name entry element HIDRAULICA
942 ## - ADDED ENTRY ELEMENTS (KOHA)
Koha item type Libros
Existencias
Fecha de la última vez que lo usaron Pago total Signatura topográfica completa Código de barras Precio efectivo desde Tipo de documento Estado perdido Estado dañado No es para préstamo Retirado Ubicación permanente Ubicación actual Fecha de adquisición
15/05/2020   625.7+62.2/Ch80 Bib-Lima15051191 15/05/2020 Libros         Biblioteca Central Lima Biblioteca Central Lima 15/05/2020